The IUP Journal of Electrical and Electronics Engineering (Record no. 10332)

MARC details
000 -LEADER
fixed length control field 00450nam a22001217a 4500
003 - CONTROL NUMBER IDENTIFIER
control field OSt
008 - FIXED-LENGTH DATA ELEMENTS--GENERAL INFORMATION
fixed length control field 201203b ||||| |||| 00| 0 eng d
245 ## - TITLE STATEMENT
Title The IUP Journal of Electrical and Electronics Engineering
250 ## - EDITION STATEMENT
Edition statement 2011(Jul Vol.4 No.3) 2012(Jan Vol.5 No.1, Apr Vol.5 No.2, Jul Vol.5 No.3) 2013(Apr Vol.6 No.2, Jul Vol.6 No.3)
260 ## - PUBLICATION, DISTRIBUTION, ETC. (IMPRINT)
Place of publication, distribution, etc Hyderabad
Name of publisher, distributor, etc IUP Publications
650 ## - SUBJECT ADDED ENTRY--TOPICAL TERM
Topical term or geographic name as entry element Electronic and Communication Engineering
942 ## - ADDED ENTRY ELEMENTS (KOHA)
Source of classification or shelving scheme Dewey Decimal Classification
Koha item type BOUND VOLUME
Holdings
Withdrawn status Lost status Source of classification or shelving scheme Materials specified (bound volume or other part) Damaged status Not for loan Collection code Home library Current library Date acquired Source of acquisition Serial Enumeration / chronologySerial Enumeration / Volume No. Total Checkouts Acc. no. / Barcode Date last seen Bill Date Koha item type
    Dewey Decimal Classification Bound Volume   Not For Loan B.Tech(ECE) PIET C-LIBRARY PIET C-LIBRARY 11/01/2021 IUP Publications 2011(Jul Vol.4 No.3) 2012(Jan Vol.5 No.1, Apr Vol.5 No.2, Jul Vol.5 No.3) 2013(Apr Vol.6 No.2, Jul Vol.6 No.3)   BV1000 11/01/2021 09/01/2011 BOUND VOLUME

Design & Developed by: PIET Central Library
R70 Miles Stone Pattikalyana Samalkha Panipat 132102
mail ID :- [email protected], Phone No:- 0180-2569700 Ex.216